000 00550nam a2200181 a 4500
001 4950
003 CO-ViMGA
008 141112s2004 ck r 000 u spa d
040 _aCO-ViMGA
_bspa
_cCO-ViMGA
082 0 4 _a863.64 A511n
100 1 _aAlbanell, Josep
_93130
245 1 0 _aNo todos los amantes se llaman Romeo :
_bo Todo el tiempo dando explicaciones /
_cAlbanell Josep , Musclús Albert
260 _aBarcelona :
_bEl Arca,
_c1996
300 _a149 p
490 _aEl arca abierta, 7
650 1 4 _aNOVELA ESPAÑOLA
_9488
942 _2ddc
_cBK
999 _c16953
_d16953